Представление документа в формате MARC21

Поле Инд. ПП Название Значение
Тип записи a
Библиографический уровень b
001 Контрольный номер RU/IS/BASE/289998668
005 Дата корректировки 20200622193618.6
008 Кодируемые данные 20090310
040 b Код языка каталог. rus
e Правила каталог. PSBO
041 0_ a Код языка текста rus
084 a Индекс другой классификации/Индекс ББК 81.411.2-1; 81.1; 67.521.1
100 1_ a Автор Каганов А. Ш.
245 10 a Заглавие Инструментальное исследование спектральных характеристик русских гласных в задаче криминалистической идентификации личности звучащей речи
504 a Библиография Библиогр. - Примеч.: с. 38 - 39
650 14 a Основная рубрика криминалистика
a Основная рубрика право
a Основная рубрика прикладное языкознание
a Основная рубрика русский язык
a Основная рубрика филологические науки
a Основная рубрика фонетика
a Основная рубрика частное языкознание
a Основная рубрика языкознание
653 1_ a Ключевые слова акустические характеристики речи
a Ключевые слова гласные звуки
a Ключевые слова звуки речи
a Ключевые слова инструментальные методы
a Ключевые слова криминалистическая идентификация
a Ключевые слова математические методы
a Ключевые слова речевые сигналы
a Ключевые слова речь
a Ключевые слова спектральные характеристики речи
a Ключевые слова спектральный анализ
a Ключевые слова фонограмма
a Ключевые слова формантный анализ
773 08 t Заглавие источника Вестник Московского университета. Серия 9, Филология
d Дата издания источника 2008
g Прочая информация № 5. - С. 30 - 39 : табл.
w Контрольный № источника RU/IS/BASE/288361571
901 t Тип документа b